Tiempo de México. (Registro nro. 2936)
[ vista simple ]
| 000 -LEADER | |
|---|---|
| fixed length control field | 00999cam a2200289 i 4500 |
| 001 - CONTROL NUMBER | |
| control field | 2936 |
| 003 - CONTROL NUMBER IDENTIFIER | |
| control field | Mx-PuUPA |
| 005 - DATE AND TIME OF LATEST TRANSACTION | |
| control field | 20230905074219.0 |
| 008 - FIXED-LENGTH DATA ELEMENTS--GENERAL INFORMATION | |
| fixed length control field | 140415s1984 mx a gr 000 0 spa d |
| 020 ## - INTERNATIONAL STANDARD BOOK NUMBER | |
| International Standard Book Number | 9682900379 |
| Qualifying information | rústica |
| -- | volumen II |
| 020 ## - INTERNATIONAL STANDARD BOOK NUMBER | |
| International Standard Book Number | 9688008885 |
| Qualifying information | obra completa |
| 040 ## - CATALOGING SOURCE | |
| Original cataloging agency | Mx-PuUPA |
| Language of cataloging | spa |
| Transcribing agency | Mx-PuUPA |
| Modifying agency | Mx-PuUPA |
| Description conventions | rda |
| 041 0# - LANGUAGE CODE | |
| Language code of text/sound track or separate title | spa |
| 245 00 - TITLE STATEMENT | |
| Title | Tiempo de México. |
| Number of part/section of a work | Segunda época. |
| Name of part/section of a work | De junio de 1911 a noviembre de 1964 |
| 250 ## - EDITION STATEMENT | |
| Edition statement | Primera edición |
| 264 #1 - PRODUCTION, PUBLICATION, DISTRIBUTION, MANUFACTURE, AND COPYRIGHT NOTICE | |
| Place of production, publication, distribution, manufacture | México, D.F. : |
| Name of producer, publisher, distributor, manufacturer | Secretaría de Educación Publica, |
| Date of production, publication, distribution, manufacture, or copyright notice | 1984 |
| 300 ## - PHYSICAL DESCRIPTION | |
| Extent | 108 páginas sin numerar : |
| Other physical details | ilustraciones ; |
| Dimensions | 28 cm |
| 336 ## - CONTENT TYPE | |
| Fuente | rdacontent |
| Content type term | texto |
| Content type code | txt |
| 336 ## - CONTENT TYPE | |
| Fuente | rdacontent |
| Content type term | imagen fija |
| Content type code | sti |
| 337 ## - MEDIA TYPE | |
| Source | rdamedia |
| Media type term | sin medio |
| Media type code | n |
| 338 ## - CARRIER TYPE | |
| Source | rdacarrier |
| Carrier type term | volumen |
| Carrier type code | nc |
| 650 #7 - SUBJECT ADDED ENTRY--TOPICAL TERM | |
| Topical term or geographic name entry element | Política |
| General subdivision | México |
| Source of heading or term | armarc |
| 942 ## - ADDED ENTRY ELEMENTS (KOHA) | |
| Source of classification or shelving scheme | Dewey Decimal Classification |
| Koha item type | Libro |
| Classification part | 327.0972 |
| Item part | T55 |
| Withdrawn status | Lost status | Source of classification or shelving scheme | Damaged status | Not for loan | Collection code | Home library | Current library | Shelving location | Date acquired | Source of acquisition | Serial Enumeration / chronology | Total Checkouts | Full call number | Barcode | Price effective from | Koha item type |
|---|---|---|---|---|---|---|---|---|---|---|---|---|---|---|---|---|
| Dewey Decimal Classification | Consulta en sala | Manuel Antonio Díaz Cid | Biblioteca Karol Wojtyla | Biblioteca Karol Wojtyla | Sala "Colecciones Especiales" | 03/12/2013 | Donación | v.2 | 327.0972 T55 1984 | 13862 | 03/12/2013 | Libro |